000 00773nam a22001935i 4500
001 155386
003 ES-MaACL
005 20250720013020.0
008 040722s1891 fr a |||| | fre d
040 _aCAM
_bspa
_cCAM
100 1 _aHertwig, Oscar.
_9127941
245 1 0 _aTraité d'embryologie ou Histoire du développment de l'homme et des vertébrés /
_cpar Oscar Hertwig; traduit sur la troisième édition allemande par Charles Julin.
260 _aParis :
_bC. Reinwald & c\pie\s libraires-éditeurs,
_c1891 (
_fTyp. Paul Schmidt)
300 _aXIV, 601 p. :
_bil. ;
_c25 cm.
650 7 _aEmbriología
_2embne
_9135971
700 1 1 _aJulin, Charles,
_etrad.
_9128392
852 _aES-MaACL
_jG-10808
_z-- Enc. pasta española
999 _c155386
_d155386